| 000 | 00475nam a22001817a 4500 | ||
|---|---|---|---|
| 003 | CEME | ||
| 005 | 20210628210029.0 | ||
| 008 | 210210b xxu||||| |||| 00| 0 eng d | ||
| 020 | _a0-89006-994-8 | ||
| 040 | _c. | ||
| 082 | _a621.38456 WEB | ||
| 100 |
_aWebb, William _958125 |
||
| 245 | _aUnderstanding cellular radio | ||
| 260 |
_aBOSTON _bARTECH HOUSE _c1999 |
||
| 300 | _a274P | ||
| 650 |
_aCELLULAR RADIO WIRELESS COMMUNICATION TDMA CDMA _977905 |
||
| 942 |
_cBK _2ddc |
||
| 999 |
_c583088 _d583088 |
||